=LDR 00000nam 2200000 4500 =001 INLIS000000000032883 =005 20130612134853 =008 ***********************************Ind** =035 ##$$0010-061300000032883 =041 ##$$a Ind =082 ##$$a 959.8 =090 ##$$a 959.8, War m =100 ##$$a Wardya, Baskara T =245 ##$$a Membongkar supersemar, dari CIA hingga kudeta merangkak melawan Bung Karno, Baskara T Wardaya =260 ##$$a 2009 $b Yogyakarta =300 ##$$a 358 hlm, ilus, 22 cm =650 ##$$a Membongkar Supersemar =850 ##$$a NBPNMAT =990 ##$$a 21195557/BPAP-NTB/2014 =990 ##$$a 0001/BPAP-NTB/20142015 =990 ##$$a 0001/BPAP-NTB/20142015